RICS UK construction forecast 2006 (Record no. 77256)
[ view plain ]
| 000 -LEADER | |
|---|---|
| fixed length control field | 01106cab a2200217 4500 |
| 001 - CONTROL NUMBER | |
| control field | ##L133918 |
| 008 - FIXED-LENGTH DATA ELEMENTS--GENERAL INFORMATION | |
| fixed length control field | 060620n2006 000 0 eng u |
| 035 ## - SYSTEM CONTROL NUMBER | |
| System control number | (Sirsi) u133918 |
| 041 0# - LANGUAGE CODE | |
| Language code of text/sound track or separate title | eng |
| 110 1# - MAIN ENTRY--CORPORATE NAME | |
| Corporate name or jurisdiction name as entry element | Royal Institution of Chartered Surveyors |
| Subordinate unit | Public Affairs |
| 9 (RLIN) | 4679 |
| 245 00 - TITLE STATEMENT | |
| Title | RICS UK construction forecast 2006 |
| 260 ## - PUBLICATION, DISTRIBUTION, ETC. | |
| Date of publication, distribution, etc. | 2006 |
| 490 #0 - SERIES STATEMENT | |
| Series statement | RICS Press Release |
| Volume/sequential designation | 16 June 2006 |
| 520 ## - SUMMARY, ETC. | |
| Summary, etc. | Construction output is anticipated to be 2% higher by the end of 2006, and 2.7% higher by the end of the following year, according to the latest RICS construction forecast. This follows a fall in growth in 2005, the first for 11 years. Both commercial building and public housing are expected to increase, although industrial property growth is expected to fall from 11% in 2006 to 1% in 2007. |
| 590 ## - LOCAL NOTE (RLIN) | |
| Local note | IKA040706 NTK |
| 650 24 - SUBJECT ADDED ENTRY--TOPICAL TERM | |
| Topical term or geographic name entry element | RICS UK CONSTRUCTION FORECAST |
| 651 #4 - SUBJECT ADDED ENTRY--GEOGRAPHIC NAME | |
| Geographic name | United Kingdom |
| Chronological subdivision | |
| 690 ## - LOCAL SUBJECT ADDED ENTRY--TOPICAL TERM (OCLC, RLIN) | |
| Topical term or geographic name as entry element | BUILT ENVIRONMENT-CONSTRUCTION MARKET |
| 856 41 - ELECTRONIC LOCATION AND ACCESS | |
| Uniform Resource Identifier | <a href="https://www.rics.org/RICSWEB/getpage.aspx?p=F5K0jmyQhUeqJCGVK_RIpw">https://www.rics.org/RICSWEB/getpage.aspx?p=F5K0jmyQhUeqJCGVK_RIpw</a> |
| Public note | View the item free of charge at www.rics.org/... |
| 942 ## - ADDED ENTRY ELEMENTS (KOHA) | |
| Suppress in OPAC | 0 |
| Withdrawn status | Lost status | Source of classification or shelving scheme | Damaged status | Not for loan | Home library | Current library | Shelving location | Date acquired | Total Checkouts | Full call number | Barcode | Date last seen | Copy number | Price effective from | Koha item type |
|---|---|---|---|---|---|---|---|---|---|---|---|---|---|---|---|
| Dewey Decimal Classification | Virtual | Virtual | Online | 20/06/2006 | ONLINE PUBLICATION | 133918-1001 | 06/08/2019 | 1 | 06/08/2019 | Journal article |